Understanding strategic management
The most complete introduction for students looking for a briefer guide to strategic management, packed with real-life examples and an emphasis on the essential tools of analysis.
Đã lưu trong:
| Tác giả chính: | |
|---|---|
| Định dạng: | Sách |
| Ngôn ngữ: | Undetermined |
| Được phát hành: |
Oxford
Oxford university press
2011
|
| Những chủ đề: | |
| Các nhãn: |
Thêm thẻ
Không có thẻ, Là người đầu tiên thẻ bản ghi này!
|
| Thư viện lưu trữ: | Trung tâm Học liệu Trường Đại học Cần Thơ |
|---|
| LEADER | 00814nam a2200217Ia 4500 | ||
|---|---|---|---|
| 001 | CTU_226930 | ||
| 008 | 210402s9999 xx 000 0 und d | ||
| 020 | |c 565000 | ||
| 082 | |a 658.4012 | ||
| 082 | |b H521 | ||
| 100 | |a Henry, Anthony E. | ||
| 245 | 0 | |a Understanding strategic management | |
| 245 | 0 | |c Anthony E. Henry | |
| 260 | |a Oxford | ||
| 260 | |b Oxford university press | ||
| 260 | |c 2011 | ||
| 520 | |a The most complete introduction for students looking for a briefer guide to strategic management, packed with real-life examples and an emphasis on the essential tools of analysis. | ||
| 650 | |a Quản lý điều hành,Lập kế hoạch chiến lược,Strategic planning,Management | ||
| 904 | |i Nhi | ||
| 910 | |b dqhieu | ||
| 980 | |a Trung tâm Học liệu Trường Đại học Cần Thơ | ||